| 000 | 00529nam a2200205 a 4500 | ||
|---|---|---|---|
| 005 | 20210219152916.0 | ||
| 008 | 991125n 000 0 eng u | ||
| 035 | _aUPN01000066774 | ||
| 100 | _aNewburgh, R. G. | ||
| 222 | _aPHYSICS TEACHER | ||
| 245 | _aCapacitors, water bottles, and kirchhoff's loop rule | ||
| 300 | _a16-17 | ||
| 362 | _a1993 31, No. 1 | ||
| 505 | _aSeptiembre 1993 | ||
| 653 | 0 | _aELECTRICIDAD | |
| 653 | 0 | _aFISICA | |
| 653 | 0 | _aINSTRUCCION CIENTIFICA | |
| 904 |
_aAC _b004585 |
||
| 905 | _aArticulo | ||
| 999 |
_c63653 _d63653 |
||